000
00220nam a2200097Ia 4500
008
230508s1994 xx 000 0 und d
041
_a
eng
100
_a
HEARN D/BAKER M.P.
245
_a
COMPUTER GRAPHICS
260
_c
1994
999
_c
317408
_d
317408